000 01103nam a2200289 a 4500
001
003 DO-SdBNP
005 20210831095449.0
008 111115s2011 dr 001 0 spa d
040 _aBPMSU
_bspa
_cBPMSU
049 _a
082 _a346.0482
_bR426L 2011
_222
092 _b
110 2 _aRepública Dominicana.
240 1 3 _a[Leyes, etc.]
245 1 0 _aLey 65-00 sobre derecho de autor y sus reformas :
_breglamento de aplicación no.362-01 de la ley 65-00 sobre derecho de autor
246 1 3 _aReglamento de aplicación no. 362-01 de la ley 65-00 sobre derecho de autor.
260 _aSanto Domingo :
_bMinisterio de Cultura,
_c2011.
300 _a126 p. ;
_c21 cm.
500 _aReglamento de aplicación no.362-01 de la ley 65-00 sobre derecho de autor. del 14de marzo del 2001 G.O. No. 10076
650 4 _aDerechos de autor
_xLegislación
650 4 _aPropiedad privada
_y2001
_zRepública Dominicana
_6
651 4 _a República Dominicana
_xLey 65-00
710 2 _aMinisterio de Cultura (República Dominicana)
_b
_b
910 _aVmateo V.
942 _2ddc
_cBK
999 _c13693
_d13693